000 01436nam a2200373 c 4500
003 BLK
005 20250610173146.0
008 180411b bul|||||r ||||||| ||bul||
010 _aKNG00199326000
020 _a978-954-597-447-2
_bиздат.: Фама
040 _aBLK
041 _aBUL
_cBUL
072 7 _2bullib
_aН83
_xЧужда художествена литература Н
080 _aАмериканска литература (на САЩ)
_b821.111(73)
_x-31
_z821.111(73)-31
100 1 _aБуковски, Чарлс
_eпърви автор
_9371745
700 _aРусев, Богдан Бориславов
_d1975-
_9365584
139 _aБуковски, Чарлс
_bБ 85
245 1 0 _aЖени
_bРоман
_cЧарлс Буковски; прев. от англ. Богдан Русев.
250 _a2. изд.
257 _aUSA
260 София
_bФама
_c2012
_fСофия : Алианс принт
300 _a336 с.
_c21 см
380 _aX
490 1 _aКласика
500 _a1. изд. 1995 та изд. Алекс Принт. - Ориг. загл. Women / Charles Bukowski.
653 _aромани
659 _aН
852 _aЦб 284092
856 4 _qpdf
_u
856 4 _qpdf
_u
942 _cKNG
_n0
_059
944 _aCR
_c19.01.2017
_lЦветелина Шанова
_k30531
944 _aED
_c24.01.2017
_lф /
_kЛюдмила_Стоянова
999 _c190217
_d190217